| 000 | 00916cam a2200265 4500 | ||
|---|---|---|---|
| 008 | 090401t1992 xxu||||| |||| 00| 0 eng d | ||
| 020 | _a0750612967 | ||
| 035 | _a(Sirsi) u10255 | ||
| 041 | _aeng | ||
| 050 | _a658.99 | ||
| 100 | _aKernohan, David | ||
| 245 | _aUser participation in building design and management: a generic approach to building evaluation. | ||
| 260 |
_aOxford _bButterworth Architecture _c1992 |
||
| 300 | _axix,157p. ; 24cm. | ||
| 350 | _a24.95 | ||
| 520 | _aDescribes a process of building evaluation which brings together the occupiers and designers of buildings to solve design and management problems. Includes nine detailed case studies. | ||
| 650 | _aBUILT ENVIRONMENT-CONSTRUCTION DESIGN | ||
| 650 | _aOCCUPIERS NEEDS | ||
| 690 | _aBUILT ENVIRONMENT | ||
| 700 | _aGray, John | ||
| 700 | _aDaish, John | ||
| 700 | _aJoiner, Duncan | ||
| 942 | _n0 | ||
| 948 | _c04/03/1997 | ||
| 999 |
_c86720 _d86720 |
||